Koncept robotického zabudovania hybridnej batérie do vozidla

Uložené v:
Podrobná bibliografia
Hlavný autor: Minca, Samuel (Autor)
Ďalší autori: Červeňan, Andrej (Vedúci práce)
Médium: Rukopis Kniha
Jazyk:Slovak
Vydavateľské údaje: 2022
Predmet:
On-line prístup:http://is.stuba.sk/zp/portal_zp.pl?podrobnosti=154159
Tagy: Pridať tag
Žiadne tagy, Buďte prvý, kto otaguje tento záznam!

MARC

LEADER 00000ntm a22000003a 4500
001 stuzp90973
003 SK-STU
005 20220611214230.4
007 ta
008 150427s2015----xo-----f-mn---000-0-slo-d
040 |a STU  |b slo 
041 0 |a slo 
100 1 |a Minca, Samuel  |u 020070  |4 aut  |U SjF Strojnícka fakulta  |T SjF Ústav výrobných systémov, enviromentálnej techniky a manažment kvality  |X 98706  |U J0070  |Y 804  |7 98706 
242 0 1 |a The concept of robotic insertion of a hybrid battery into a vehicle  |y eng 
245 1 0 |a Koncept robotického zabudovania hybridnej batérie do vozidla 
260 |c 2022 
650 4 |a robot  |2 slo 
650 4 |a manipulátor  |2 slo 
650 4 |a robotické pracovisko  |2 slo 
650 4 |a hybridná batéria  |2 slo 
650 4 |a hybrid battery  |2 eng 
650 4 |a robot  |2 eng 
650 4 |a manipulator  |2 eng 
650 4 |a robotic workstation  |2 eng 
700 1 |a Červeňan, Andrej  |u 020070  |k Z1  |4 ths  |U SjF Strojnícka fakulta  |T SjF Ústav výrobných systémov, enviromentálnej techniky a manažment kvality  |X 2273  |U J0070  |Y 804  |7 A000002273 
856 4 |u http://is.stuba.sk/zp/portal_zp.pl?podrobnosti=154159 
996 |b 284J046988  |c J* 3488/DBP  |l JJSK  |s A  |a 24  |w stuzp90973_0001